[Event "Valasska Bystrice Open"]
[Site "?"]
[Date "2011.09.10"]
[Round "1.1"]
[White "Badacova, Irena"]
[Black "Cagasik, Tomas"]
[Result "0-1"]
[WhiteElo "1856"]
[BlackElo "2296"]
[PlyCount "50"]
[EventDate "2011.09.10"]

1. e4 d5 2. exd5 Qxd5 3. Nc3 Qd6 4. Nf3 Nf6 5. Bc4 a6 6. O-O b5 7. Bb3 Bb7 8.
a3 e6 9. d3 Nbd7 10. Re1 Be7 11. Ng5 Nc5 12. Ba2 h6 13. Nf3 Rd8 14. Ne5 Nd5 15.
Qg4 Bf6 16. f4 h5 17. Qg3 Ne7 18. Ne4 Nxe4 19. dxe4 h4 20. Qf3 Bxe5 21. fxe5
Qxe5 22. c3 Ng6 23. Bb3 h3 24. g3 Qh5 25. Qf2 Ne5 0-1

[Event "Valasska Bystrice Open"]
[Site "?"]
[Date "2011.09.10"]
[Round "1.2"]
[White "Karlik, Vladimir"]
[Black "Novak, Zdenek"]
[Result "1/2-1/2"]
[WhiteElo "2286"]
[BlackElo "1853"]
[PlyCount "58"]
[EventDate "2011.09.10"]

1. Nf3 d5 2. g3 c6 3. Bg2 Nf6 4. O-O g6 5. d3 Bg7 6. Nbd2 O-O 7. e4 dxe4 8.
dxe4 Bg4 9. h3 Bxf3 10. Qxf3 Nbd7 11. Nb3 Ne5 12. Qe2 Qc7 13. f4 Nh5 14. Qf2
Nc4 15. g4 Nf6 16. Qc5 Qb6 17. Kh2 Qxc5 18. Nxc5 b6 19. Nd3 Rad8 20. g5 Nh5 21.
e5 f6 22. Nb4 Na5 23. gxf6 exf6 24. e6 Rfe8 25. f5 Bf8 26. Nxc6 Bd6+ 27. Kg1
Bc5+ 28. Kh2 Bd6+ 29. Kg1 Bc5+ 1/2-1/2

[Event "Valasska Bystrice Open"]
[Site "?"]
[Date "2011.09.10"]
[Round "1.3"]
[White "Vanhara, Petr"]
[Black "Obsivac, Josef"]
[Result "0-1"]
[WhiteElo "1849"]
[BlackElo "2274"]
[PlyCount "84"]
[EventDate "2011.09.10"]

1. e4 c5 2. Nf3 Nc6 3. d4 cxd4 4. Nxd4 Qb6 5. Nb3 Nf6 6. Nc3 e6 7. Be2 Be7 8.
O-O d6 9. a4 O-O 10. a5 Qc7 11. Be3 Rd8 12. f4 Bd7 13. Bf3 Nb4 14. Rc1 e5 15.
Nd5 Nbxd5 16. exd5 Ba4 17. c4 Nd7 18. Qd3 b6 19. Qc3 exf4 20. Bxf4 Bxb3 21.
Qxb3 bxa5 22. Be3 Rab8 23. Qc2 Bf6 24. b3 Re8 25. Bf2 Nc5 26. Rb1 g6 27. Kh1
Be5 28. Rfe1 Rb4 29. Re3 Reb8 30. Bd1 a4 31. Qd2 Nxb3 32. Bxb3 Rxb3 33. Rexb3
axb3 34. Qd3 b2 35. Bd4 Bxd4 36. Qxd4 Qa5 37. h3 Qa2 38. Qd3 Qb3 39. Qxb3 Rxb3
40. Kg1 a5 41. c5 dxc5 42. d6 Kf8 0-1

[Event "Valasska Bystrice Open"]
[Site "?"]
[Date "2011.09.10"]
[Round "1.4"]
[White "Vrana, Frantisek"]
[Black "Micka, Jaroslav"]
[Result "1/2-1/2"]
[WhiteElo "2249"]
[BlackElo "1835"]
[PlyCount "102"]
[EventDate "2011.09.10"]

1. e4 e6 2. d4 d5 3. Nc3 Nf6 4. e5 Nfd7 5. f4 c5 6. Nf3 Nc6 7. Be3 a6 8. Qd2 b5
9. Bd3 Qa5 10. dxc5 Nxc5 11. Nd4 Nxd4 12. Bxd4 Nxd3+ 13. Qxd3 Bd7 14. Qe3 Qc7
15. O-O-O Rc8 16. Rd2 Bb4 17. a3 Bxc3 18. Bxc3 a5 19. Rd4 Qb7 20. Qe1 Ra8 21.
h4 h5 22. Qg3 g6 23. Qg5 Bc6 24. Rhd1 Qe7 25. Qg3 Ra6 26. Qe1 Qa7 27. b4 axb4
28. Bxb4 Kd7 29. Qg3 Qc7 30. f5 exf5 31. e6+ fxe6 32. Qxg6 Re8 33. R1d3 Kc8 34.
Rc3 Kb7 35. Qxh5 Qd7 36. Rf4 Raa8 37. Re3 d4 38. Re5 Bxg2 39. Qd1 d3 40. Rf2
Bc6 41. Qxd3 Qxd3 42. cxd3 Rad8 43. Kc2 Rd4 44. Rh2 Bd5 45. h5 Rg4 46. Bc3 Re7
47. h6 Rh7 48. Ree2 f4 49. Bg7 f3 50. Ref2 Rhxg7 51. hxg7 Rxg7 1/2-1/2

[Event "Valasska Bystrice Open"]
[Site "?"]
[Date "2011.09.10"]
[Round "1.5"]
[White "Horak, Karel"]
[Black "Balacek, Tadeas"]
[Result "0-1"]
[WhiteElo "1828"]
[BlackElo "2245"]
[PlyCount "38"]
[EventDate "2011.09.10"]

1. e4 e6 2. d3 d5 3. Nd2 c5 4. Ngf3 Nc6 5. g3 Nf6 6. Bg2 g6 7. O-O Bg7 8. Re1
O-O 9. c3 Re8 10. e5 Nd7 11. d4 f6 12. exf6 Qxf6 13. Nf1 cxd4 14. cxd4 Nb6 15.
h4 Nxd4 16. Be3 Nxf3+ 17. Bxf3 Bd7 18. Bxb6 axb6 19. Qb3 Qxb2 0-1

[Event "Valasska Bystrice Open"]
[Site "?"]
[Date "2011.09.10"]
[Round "1.6"]
[White "Riska, Lubomir"]
[Black "Folta, Frantisek"]
[Result "1-0"]
[WhiteElo "2232"]
[BlackElo "1816"]
[PlyCount "81"]
[EventDate "2011.09.10"]

1. Nf3 Nf6 2. c4 g6 3. Nc3 Bg7 4. e4 d6 5. d4 O-O 6. Be2 Bd7 7. O-O Na6 8. Rb1
c5 9. d5 Rb8 10. a3 Nc7 11. b4 Ng4 12. Bb2 f5 13. bxc5 dxc5 14. h3 Ne5 15. d6
exd6 16. Qxd6 Nxf3+ 17. Bxf3 b6 18. Nd5 Ne8 19. Qg3 fxe4 20. Bxe4 Nf6 21. Nxf6+
Bxf6 22. Rfd1 Bxb2 23. Rxb2 Qc8 24. Rd6 Be8 25. Bd5+ Kg7 26. Qe5+ Kh6 27. Qe7
Qf5 28. Re2 Ba4 29. Qh4+ Qh5 30. Qxh5+ Kxh5 31. Re7 h6 32. Rxa7 Bb3 33. Rg7 Bc2
34. Bf7 Kg5 35. Bxg6 Bxg6 36. Rgxg6+ Kf5 37. Rxh6 Kg5 38. Rxb6 Rxb6 39. Rxb6
Rf4 40. Rc6 Rxc4 41. g3 1-0

[Event "Valasska Bystrice Open"]
[Site "?"]
[Date "2011.09.10"]
[Round "1.7"]
[White "Korinek, Jaroslav"]
[Black "Volodin, Viktor"]
[Result "0-1"]
[WhiteElo "1792"]
[BlackElo "2210"]
[PlyCount "128"]
[EventDate "2011.09.10"]

1. e4 c5 2. Nf3 a6 3. d4 cxd4 4. Nxd4 Nf6 5. Nc3 e5 6. Nf3 Nc6 7. Bc4 Bb4 8.
O-O d6 9. Bg5 Bxc3 10. bxc3 h6 11. Bxf6 Qxf6 12. Qd3 O-O 13. Rab1 Qe7 14. Rfd1
Rd8 15. Bd5 Bg4 16. h3 Bxf3 17. Qxf3 Rac8 18. Rb6 Na5 19. Rdb1 Rc7 20. c4 Nxc4
21. Bxc4 Rxc4 22. Rxb7 Rd7 23. Rxd7 Qxd7 24. c3 Qc7 25. Rb3 a5 26. Qd3 a4 27.
Rb7 Qc6 28. Rd7 Rxc3 29. Rxd6 Rxd3 30. Rxc6 Rd4 31. f3 Rd2 32. Ra6 Rxa2 33.
Ra8+ Kh7 34. Ra5 f6 35. h4 h5 36. Ra7 a3 37. Kh1 Ra1+ 38. Kh2 a2 39. Ra6 g6 40.
Ra7+ Kg8 41. g4 Rf1 42. Rxa2 Rxf3 43. gxh5 gxh5 44. Re2 Kf7 45. Kg2 Rf4 46. Kg3
Ke6 47. Re1 Kd6 48. Rd1+ Kc5 49. Rd8 Rg4+ 50. Kh3 Rxe4 51. Rh8 Re3+ 52. Kg2 Kd5
53. Rxh5 Ke4 54. Rh8 Re2+ 55. Kg3 f5 56. Ra8 f4+ 57. Kh3 Re3+ 58. Kh2 Kf5 59.
Rg8 Ra3 60. h5 Ra6 61. Kh3 e4 62. Kh4 e3 63. Rf8+ Ke5 64. Kg4 Rf6 0-1

[Event "Valasska Bystrice Open"]
[Site "?"]
[Date "2011.09.10"]
[Round "1.8"]
[White "Cizinsky, Petr"]
[Black "Glacner, Karel"]
[Result "1-0"]
[WhiteElo "2178"]
[BlackElo "1788"]
[PlyCount "33"]
[EventDate "2011.09.10"]

1. e4 c5 2. Nf3 d6 3. d4 cxd4 4. Nxd4 Nf6 5. Nc3 a6 6. Bg5 e6 7. f4 Qb6 8. Qd2
Qxb2 9. Rb1 Qa3 10. f5 Be7 11. fxe6 fxe6 12. Bc4 Nxe4 13. Nxe4 d5 14. Rb3 Bxg5
15. Nxg5 Qc5 16. Bd3 Qxd4 17. Bg6+ 1-0

[Event "Valasska Bystrice Open"]
[Site "?"]
[Date "2011.09.10"]
[Round "1.9"]
[White "Vaculik, Jakub"]
[Black "Parak, Dominik"]
[Result "0-1"]
[WhiteElo "1783"]
[BlackElo "2160"]
[PlyCount "126"]
[EventDate "2011.09.10"]

1. e4 e6 2. d4 d5 3. Nc3 Bb4 4. Bd2 dxe4 5. Qg4 Bf8 6. Qxe4 Nf6 7. Qf3 Nc6 8.
Bb5 Bd7 9. Nge2 h6 10. Bd3 Nb4 11. O-O-O Bc6 12. Be4 Nxa2+ 13. Kb1 Nxe4 14.
Nxe4 Qd5 15. Ng5 Qxf3 16. Nxf3 Nb4 17. Bxb4 Bxb4 18. Nf4 Bd6 19. Ne5 Bxe5 20.
dxe5 Ke7 21. f3 Rad8 22. Kc1 a5 23. Rxd8 Rxd8 24. Rd1 Rxd1+ 25. Kxd1 f6 26. Nd3
Bb5 27. Nc5 b6 28. exf6+ gxf6 29. Ne4 Bc6 30. Nd2 Kd6 31. Ke2 Kc5 32. Ke3 b5
33. c3 Bd5 34. g3 Kd6 35. f4 c5 36. Kd3 h5 37. Ke3 a4 38. Kd3 b4 39. c4 Bc6 40.
Nf1 f5 41. h4 Bg2 42. Ne3 Be4+ 43. Kd2 Kc6 44. b3 Kb6 45. Kc1 Ka5 46. Kb2 axb3
47. Nf1 Bd3 48. Nd2 Ka4 49. Nxb3 Bxc4 50. Nxc5+ Kb5 51. Nd7 Bd5 52. Nf6 Bf3 53.
Ne8 Kc5 54. Nc7 Kd4 55. Nxe6+ Ke3 56. Ng7 Bg4 57. Ne6 Kf2 58. Nf8 Kxg3 59. Ng6
Bd1 60. Kc1 Ba4 61. Kd2 Be8 62. Ne5 Kxh4 63. Ke3 Kg3 0-1

[Event "Valasska Bystrice Open"]
[Site "?"]
[Date "2011.09.10"]
[Round "1.10"]
[White "Mrva, Vladimir"]
[Black "Sedivy, Ondrej"]
[Result "1-0"]
[WhiteElo "2157"]
[BlackElo "1782"]
[PlyCount "39"]
[EventDate "2011.09.10"]

1. e4 e6 2. d4 d5 3. exd5 exd5 4. Bd3 Bd6 5. Ne2 Bg4 6. c3 Nf6 7. h3 Bh5 8. O-O
O-O 9. Qb3 b6 10. Nf4 c6 11. Nxh5 Nxh5 12. Qc2 h6 13. Bf5 Re8 14. Qd1 Nf4 15.
Be3 Qg5 16. Qg4 Ne2+ 17. Qxe2 Qxf5 18. Nd2 Bf4 19. Qf3 g5 20. g3 1-0

[Event "Valasska Bystrice Open"]
[Site "?"]
[Date "2011.09.10"]
[Round "1.11"]
[White "Luzikova, Nicola"]
[Black "Vorobyov, Yrij"]
[Result "0-1"]
[WhiteElo "1781"]
[BlackElo "2155"]
[PlyCount "48"]
[EventDate "2011.09.10"]

1. d4 Nf6 2. c4 c5 3. d5 b5 4. cxb5 a6 5. bxa6 Bxa6 6. Nc3 g6 7. Nf3 d6 8. e4
Bxf1 9. Kxf1 Bg7 10. g3 O-O 11. Kg2 Nbd7 12. a4 Ng4 13. Re1 Nge5 14. Nxe5 Nxe5
15. b3 Nc4 16. Qc2 Qa5 17. bxc4 Qxc3 18. Qxc3 Bxc3 19. Bh6 Rfb8 20. Rec1 Bxa1
21. Rxa1 Rb4 22. Bg5 f6 23. Bd2 Rbxa4 24. Rb1 Rxc4 0-1

[Event "Valasska Bystrice Open"]
[Site "?"]
[Date "2011.09.10"]
[Round "1.12"]
[White "Moravec, Vit"]
[Black "Konvicka, Martin"]
[Result "1-0"]
[WhiteElo "2144"]
[BlackElo "1772"]
[PlyCount "81"]
[EventDate "2011.09.10"]

1. e4 c5 2. Nf3 d6 3. d4 cxd4 4. Nxd4 Nf6 5. Nc3 a6 6. Be2 e5 7. Nb3 Be7 8. Be3
Be6 9. a4 O-O 10. O-O Nbd7 11. a5 Rc8 12. f3 Qc7 13. Qd2 Rfd8 14. Rfc1 Qc6 15.
Bd3 d5 16. Bf2 Nc5 17. Nxc5 Bxc5 18. exd5 Nxd5 19. Nxd5 Qxd5 20. Qe2 Bxf2+ 21.
Qxf2 f5 22. Re1 Re8 23. Qb6 Bd7 24. Rad1 Qc5+ 25. Qxc5 Rxc5 26. b4 Rc7 27. c4
Kf7 28. c5 Kf6 29. Bc4 Bc6 30. Rd6+ Kg5 31. Kf2 Rd7 32. f4+ Kxf4 33. g3+ Kg4
34. Be2+ Kh3 35. Bf1+ Kxh2 36. Rxd7 f4 37. gxf4 Rf8 38. Rxg7 Rxf4+ 39. Ke3 Re4+
40. Kd2 Rd4+ 41. Kc3 1-0

[Event "Valasska Bystrice Open"]
[Site "?"]
[Date "2011.09.10"]
[Round "1.13"]
[White "Matas, Stanislav"]
[Black "Sramek, Josef"]
[Result "0-1"]
[WhiteElo "1764"]
[BlackElo "2142"]
[PlyCount "87"]
[EventDate "2011.09.10"]

1. e4 c5 2. Nf3 d6 3. d4 cxd4 4. Nxd4 Nf6 5. Nc3 a6 6. g3 e5 7. Nb3 b5 8. Bg2
Be6 9. O-O Nbd7 10. Be3 Nb6 11. Nd2 Be7 12. f4 b4 13. Ne2 Ng4 14. Rf3 Rc8 15.
c3 O-O 16. cxb4 d5 17. f5 dxe4 18. Nxe4 Qxd1+ 19. Rxd1 Nxe3 20. Rxe3 Bxa2 21.
Ra1 Bc4 22. N2c3 Bxb4 23. f6 Rfd8 24. Bf1 a5 25. h4 Rc6 26. Rf3 Bxf1 27. Raxf1
Bxc3 28. Nxc3 Rxf6 29. Rxf6 gxf6 30. Rxf6 Nc4 31. Ra6 Nxb2 32. Rxa5 Re8 33. Ne4
Kg7 34. g4 Nc4 35. Rc5 Ne3 36. g5 h6 37. Kf2 Nf5 38. h5 hxg5 39. Nxg5 Re7 40.
Ne4 Nd4 41. Ra5 f5 42. Ng3 Re6 43. Ne2 Nxe2 44. Kxe2 0-1

[Event "Valasska Bystrice Open"]
[Site "?"]
[Date "2011.09.10"]
[Round "1.14"]
[White "Juricek, Stanislav"]
[Black "Koller, Martin"]
[Result "1-0"]
[WhiteElo "2131"]
[BlackElo "1758"]
[PlyCount "49"]
[EventDate "2011.09.10"]

1. e4 e5 2. Nf3 Nc6 3. Nc3 Nf6 4. Bb5 Bb4 5. O-O O-O 6. d3 d6 7. Bg5 Ne7 8. Nh4
c6 9. Bc4 d5 10. Bb3 Bxc3 11. bxc3 dxe4 12. dxe4 Qxd1 13. Raxd1 Ng6 14. Nxg6
hxg6 15. f3 a5 16. a3 Nd7 17. f4 a4 18. Ba2 Nf6 19. fxe5 Nxe4 20. Be7 Nxc3 21.
Bxf7+ Kh8 22. Bxf8 Nxd1 23. Rxd1 Bg4 24. Rd4 Rxf8 25. e6 1-0

[Event "Valasska Bystrice Open"]
[Site "?"]
[Date "2011.09.10"]
[Round "1.15"]
[White "Parak, Frantisek"]
[Black "Michalcak, Lubomir"]
[Result "0-1"]
[WhiteElo "1758"]
[BlackElo "2100"]
[PlyCount "60"]
[EventDate "2011.09.10"]

1. e4 c6 2. d4 d5 3. exd5 cxd5 4. Nf3 Nf6 5. Bd3 Bg4 6. O-O e6 7. c3 Nc6 8. Bg5
Be7 9. Nbd2 O-O 10. Qc2 h6 11. Bh4 Qc7 12. h3 Bxf3 13. Nxf3 Rfc8 14. Qd2 a6 15.
Rad1 b5 16. a3 Rab8 17. Rfe1 a5 18. Bb1 b4 19. cxb4 axb4 20. Bxf6 Bxf6 21. Qd3
g6 22. Rxe6 fxe6 23. Qxg6+ Qg7 24. Qd3 Nxd4 25. Nxd4 Bxd4 26. Ba2 Bxb2 27. axb4
Rc1 28. Rxc1 Bxc1 29. Bxd5 exd5 30. Qxd5+ Kh8 0-1

[Event "Valasska Bystrice Open"]
[Site "?"]
[Date "2011.09.10"]
[Round "1.16"]
[White "Kunc, Miroslav"]
[Black "Doskar, Miloslav"]
[Result "1-0"]
[WhiteElo "2094"]
[BlackElo "1757"]
[PlyCount "71"]
[EventDate "2011.09.10"]

1. d4 Nf6 2. c4 e6 3. Nf3 b6 4. g3 Bb7 5. Bg2 Bb4+ 6. Bd2 Bxd2+ 7. Nbxd2 O-O 8.
Qc2 d6 9. e4 Na6 10. a3 c5 11. e5 dxe5 12. dxe5 Ng4 13. O-O Rb8 14. Rae1 Nh6
15. Ne4 Nf5 16. Rd1 Qe7 17. h3 Rfd8 18. g4 Nd4 19. Nxd4 cxd4 20. Nd6 Bxg2 21.
Kxg2 Rxd6 22. exd6 Qxd6 23. Qe4 e5 24. b4 Nc7 25. f4 exf4 26. Rxd4 Qh6 27. Qxf4
Qc6+ 28. Kg3 Rf8 29. Rd8 f6 30. Rxf8+ Kxf8 31. Rd1 Kf7 32. Rd6 Qa4 33. Rd3 Ne6
34. Qd6 Ng5 35. Qd7+ Qxd7 36. Rxd7+ 1-0

[Event "Valasska Bystrice Open"]
[Site "?"]
[Date "2011.09.10"]
[Round "1.17"]
[White "Vlachopulos, Elefteris"]
[Black "Beran, Petr"]
[Result "1/2-1/2"]
[WhiteElo "1735"]
[BlackElo "2086"]
[PlyCount "86"]
[EventDate "2011.09.10"]

1. d4 c6 2. c4 d5 3. Nf3 Nf6 4. Nc3 e6 5. e3 Bd6 6. Bd3 O-O 7. O-O Nbd7 8. Bd2
e5 9. dxe5 Nxe5 10. Nxe5 Bxe5 11. h3 Re8 12. Qc2 dxc4 13. Bxc4 Qe7 14. Rfd1 Be6
15. Qb3 Bxc4 16. Qxc4 Rad8 17. Be1 Bc7 18. Ne2 Qe5 19. g3 Rxd1 20. Rxd1 Qxb2
21. Nd4 Ne4 22. Nf5 Qf6 23. Nh4 Ba5 24. Qe2 Bxe1 25. Qxe1 g5 26. Ng2 Rd8 27.
Rxd8+ Qxd8 28. f3 Nf6 29. Qc3 Qd1+ 30. Kf2 Nd5 31. Qe5 Qc2+ 32. Kg1 h6 33. Qb8+
Kg7 34. Qxa7 Qb1+ 35. Kf2 Qb2+ 36. Kg1 Nb4 37. Qxb7 Qc1+ 38. Kh2 Nxa2 39. h4
Qc3 40. hxg5 hxg5 41. f4 Nc1 42. fxg5 Nd3 43. Qe7 Qe5 1/2-1/2

[Event "Valasska Bystrice Open"]
[Site "?"]
[Date "2011.09.10"]
[Round "1.18"]
[White "Papan, Cyril"]
[Black "Sabolova, Kristyna"]
[Result "1-0"]
[WhiteElo "2086"]
[BlackElo "1734"]
[PlyCount "117"]
[EventDate "2011.09.10"]

1. d4 d5 2. c4 c6 3. Nf3 Nf6 4. Nc3 g6 5. e3 Bg7 6. Bd3 Nbd7 7. cxd5 cxd5 8.
Qb3 Nb6 9. Bb5+ Bd7 10. Bxd7+ Qxd7 11. Ne5 Qd8 12. Qb5+ Nfd7 13. Nd3 e6 14. O-O
O-O 15. a4 Qc7 16. Rd1 Nc4 17. Bd2 a6 18. Qb3 Rab8 19. Be1 Rfc8 20. Rdc1 Qd6
21. Qd1 Qe7 22. Qe2 Rc6 23. b4 b5 24. axb5 axb5 25. Ra7 Qd8 26. Rca1 Rc7 27.
R1a6 Nf6 28. Nc5 Bf8 29. Qf3 Ne8 30. h3 Ned6 31. Qf4 Qe7 32. Rxc7 Qxc7 33. e4
Ne8 34. Qxc7 Nxc7 35. Rc6 Ne8 36. exd5 exd5 37. Kf1 Bg7 38. Nb3 Nf6 39. g4 Ne4
40. Nxd5 Rd8 41. Rc8 Rxc8 42. Ne7+ Kf8 43. Nxc8 Ned6 44. Nxd6 Nxd6 45. Ke2 Ke7
46. Kd3 Ke6 47. f3 Kd5 48. Bc3 f5 49. Nc1 Nf7 50. Ne2 Ng5 51. gxf5 gxf5 52.
Nf4+ Kd6 53. Ke2 Ne6 54. Nxe6 Kxe6 55. d5+ Kf7 56. Bxg7 Kxg7 57. Kd3 Kf6 58.
Kd4 h6 59. Kc5 1-0

[Event "Valasska Bystrice Open"]
[Site "?"]
[Date "2011.09.10"]
[Round "1.19"]
[White "Svoboda, Zdenek"]
[Black "Snyta, Zdenek"]
[Result "0-1"]
[WhiteElo "1725"]
[BlackElo "2076"]
[PlyCount "58"]
[EventDate "2011.09.10"]

1. e4 d5 2. exd5 Nf6 3. d4 Nxd5 4. c4 Nb6 5. b3 e5 6. c5 Nd5 7. Qe2 Nc6 8. Bb2
Be6 9. dxe5 Bxc5 10. a3 O-O 11. Qe4 Nde7 12. b4 Bd4 13. Nc3 Bf5 14. Qe2 Nxe5
15. Rd1 N7c6 16. Nb5 Nd3+ 17. Rxd3 Bxd3 18. Qxd3 Bxb2 19. Qc2 Bf6 20. Bd3 g6
21. Ne2 a6 22. Nbc3 Nd4 23. Qb1 Nxe2 24. Nxe2 Qd6 25. h4 Rad8 26. Nc1 Bc3+ 27.
Kf1 Bd2 28. Rh3 Bc3 29. Qc2 Qe5 {....} 0-1

[Event "Valasska Bystrice Open"]
[Site "?"]
[Date "2011.09.10"]
[Round "1.20"]
[White "Simek, Jiri"]
[Black "Romanek, Zdenek"]
[Result "1-0"]
[WhiteElo "2058"]
[BlackElo "1722"]
[PlyCount "45"]
[EventDate "2011.09.10"]

1. e4 c5 2. Nf3 Nc6 3. d4 cxd4 4. Nxd4 Nf6 5. Nc3 e5 6. Ndb5 d6 7. Bg5 a6 8.
Na3 b5 9. Bxf6 gxf6 10. Nd5 Bg7 11. c3 f5 12. exf5 Bxf5 13. Nc2 O-O 14. Nce3
Be6 15. Bd3 f5 16. Qh5 e4 17. Bc2 Ne7 18. Nf4 Bf7 19. Bb3 Bxb3 20. axb3 Rf6 21.
O-O Qd7 22. Nfd5 Rh6 23. Qxh6 1-0

[Event "Valasska Bystrice Open"]
[Site "?"]
[Date "2011.09.10"]
[Round "1.21"]
[White "Vranova, Jarmila"]
[Black "Horak, Karel"]
[Result "0-1"]
[WhiteElo "1717"]
[BlackElo "2051"]
[PlyCount "36"]
[EventDate "2011.09.10"]

1. e4 c5 2. c3 Nf6 3. e5 Nd5 4. d4 Nc6 5. Nf3 d6 6. exd6 cxd4 7. cxd4 Bg4 8.
Be2 e6 9. O-O Bxd6 10. h3 Bh5 11. Nc3 O-O 12. Ne4 Bf4 13. Re1 Rc8 14. Nc5 b6
15. Nd3 Bxc1 16. Nxc1 Nf4 17. g4 Nxh3+ 18. Kh2 Nxf2 0-1

[Event "Valasska Bystrice Open"]
[Site "?"]
[Date "2011.09.10"]
[Round "1.22"]
[White "Hrabal, Michal"]
[Black "Bambusek, Vladislav"]
[Result "1/2-1/2"]
[WhiteElo "2046"]
[BlackElo "1713"]
[PlyCount "63"]
[EventDate "2011.09.10"]

1. e4 c5 2. f4 Nc6 3. Nf3 e6 4. Bb5 Qb6 5. Bxc6 Qxc6 6. Qe2 d6 7. O-O Ne7 8.
Nc3 Bd7 9. a4 a6 10. Kh1 Rc8 11. d4 Qc7 12. Be3 cxd4 13. Nxd4 Nc6 14. Nb3 Be7
15. Rf3 Bf6 16. Bd2 Nd4 17. Nxd4 Bxd4 18. Re1 O-O 19. Rh3 g6 20. e5 f5 21. Rd3
dxe5 22. fxe5 Bxc3 23. Rxc3 Bc6 24. Bg5 Qb6 25. Rb3 Qd4 26. a5 Bd5 27. c3 Qc4
28. Qxc4 Rxc4 29. Rb4 Rfc8 30. Rc1 Rxb4 31. cxb4 Rxc1+ 32. Bxc1 1/2-1/2

[Event "Valasska Bystrice Open"]
[Site "?"]
[Date "2011.09.10"]
[Round "1.23"]
[White "Oktavec, Ivan"]
[Black "Stanek, Stanislav"]
[Result "0-1"]
[WhiteElo "1713"]
[BlackElo "2024"]
[PlyCount "90"]
[EventDate "2011.09.10"]

1. d4 Nf6 2. c4 e6 3. Bg5 Be7 4. Nc3 d5 5. e3 c6 6. Nf3 Nbd7 7. Bd3 Nf8 8. O-O
Ng6 9. Qe2 O-O 10. Bxg6 hxg6 11. cxd5 exd5 12. h3 Nh5 13. Bxe7 Qxe7 14. Ne5 Qh4
15. Nf3 Qe7 16. Ne5 Nf6 17. Rac1 Re8 18. Na4 Ne4 19. Nc5 Nd6 20. a4 a5 21. Kh2
Qc7 22. Kg1 Nf5 23. Qd2 Nh4 24. f4 f6 25. Nf3 Nf5 26. Rfe1 Nd6 27. b3 Bf5 28.
g4 Be4 29. Nh4 g5 30. Ng2 Re7 31. fxg5 fxg5 32. Rf1 Rae8 33. Rce1 b6 34. Nd3
Bxg2 35. Qxg2 Ne4 36. Ne5 Qd6 37. Qc2 c5 38. Rf5 Rc7 39. Qb2 Qh6 40. Rf3 cxd4
41. Qxd4 Qd6 42. Nd3 Rc2 43. Nf2 Nxf2 44. Rxf2 Rxf2 45. Kxf2 Qh2+ 0-1

[Event "Valasska Bystrice Open"]
[Site "?"]
[Date "2011.09.10"]
[Round "1.24"]
[White "Musil, Vitezslav"]
[Black "Prokopova, Jirina"]
[Result "1-0"]
[WhiteElo "2005"]
[BlackElo "1709"]
[PlyCount "55"]
[EventDate "2011.09.10"]

1. e4 e6 2. d4 d5 3. Nc3 Nf6 4. Bg5 Bb4 5. e5 h6 6. Bd2 Bxc3 7. bxc3 Ne4 8. Qg4
g6 9. Bd3 Nxd2 10. Kxd2 c5 11. h4 Nc6 12. Rh3 Ne7 13. Qf4 Rh7 14. h5 c4 15.
hxg6 fxg6 16. Be2 Nf5 17. Bg4 h5 18. Bxf5 gxf5 19. Nf3 Qe7 20. Rah1 Rg7 21. g3
Kd8 22. Rxh5 Bd7 23. Rh8+ Be8 24. Qh4 Rc8 25. Qf6 Rf7 26. Qxe7+ Kxe7 27. Ng5
Rg7 28. R1h7 1-0

[Event "Valasska Bystrice Open"]
[Site "?"]
[Date "2011.09.10"]
[Round "1.25"]
[White "Vinklarek, Robert"]
[Black "Drabek, Miloslav"]
[Result "0-1"]
[WhiteElo "1685"]
[BlackElo "2005"]
[PlyCount "90"]
[EventDate "2011.09.10"]

1. d4 d6 2. Nf3 Nf6 3. Bg5 Nbd7 4. e3 g6 5. c4 Bg7 6. Nc3 O-O 7. Be2 c6 8. O-O
Re8 9. Rc1 Qb6 10. Qb3 a5 11. Rfd1 Qb4 12. Nd2 Nb6 13. a3 Qxb3 14. Nxb3 Be6 15.
Nd2 Nfd7 16. g4 a4 17. h3 f5 18. Kg2 Nf6 19. Bxf6 Bxf6 20. Rc2 Bg7 21. Na2 Rf8
22. Nc1 f4 23. Nf3 fxe3 24. fxe3 Bh6 25. e4 Rac8 26. c5 dxc5 27. dxc5 Nd7 28.
Nd4 Bf7 29. Nxc6 Rxc6 30. Rxd7 b6 31. Bb5 Rxc5 32. Rxc5 bxc5 33. Nd3 Be3 34.
Rxe7 Bb3 35. e5 Bd5+ 36. Kh2 c4 37. Nb4 Rf2+ 38. Kg3 Rg2+ 39. Kh4 h6 40. Re8+
Kf7 41. Re7+ Kf8 42. Re8+ Kg7 43. Re7+ Bf7 44. Rxf7+ Kxf7 45. e6+ Kg7 0-1

[Event "Valasska Bystrice Open"]
[Site "?"]
[Date "2011.09.10"]
[Round "1.26"]
[White "Kolasin, Jan"]
[Black "Kolibik, Jan"]
[Result "1-0"]
[WhiteElo "2001"]
[BlackElo "1684"]
[PlyCount "61"]
[EventDate "2011.09.10"]

1. e4 c5 2. Nf3 d6 3. d4 cxd4 4. Nxd4 Nf6 5. Nc3 Nc6 6. Be3 Ng4 7. Bb5 Nxe3 8.
Nxc6 Qb6 9. Nd4+ Qxb5 10. Ncxb5 Nxd1 11. Nc7+ Kd7 12. Nxa8 Nxb2 13. Nb5 Na4 14.
Nxa7 g6 15. Rb1 Bg7 16. O-O Nc3 17. Nb6+ Kc7 18. Naxc8 Rxc8 19. Nxc8 Nxb1 20.
Nxe7 Nc3 21. Nd5+ Nxd5 22. exd5 Bd4 23. Re1 Kd7 24. g3 h6 25. Kg2 Bg7 26. Re4
Bf6 27. Rf4 Bc3 28. Rxf7+ Kc8 29. Rf8+ Kc7 30. Rg8 g5 31. Rg6 1-0

[Event "Valasska Bystrice Open"]
[Site "?"]
[Date "2011.09.10"]
[Round "1.27"]
[White "Rùžièka, Václav"]
[Black "Maly, Marek"]
[Result "0-1"]
[WhiteElo "1682"]
[BlackElo "1996"]
[PlyCount "110"]
[EventDate "2011.09.10"]

1. Nf3 d5 2. b3 Nf6 3. e3 c5 4. Bb2 Nc6 5. Be2 Bg4 6. h3 Bh5 7. O-O e6 8. d3
Bd6 9. Nbd2 O-O 10. a3 Re8 11. c4 Rc8 12. Nh4 Bxe2 13. Qxe2 Nd7 14. g3 Be5 15.
Bxe5 Ndxe5 16. f4 Ng6 17. Nxg6 hxg6 18. Nf3 e5 19. fxe5 Nxe5 20. Kg2 dxc4 21.
Nxe5 Rxe5 22. bxc4 Qe7 23. Rf3 Re8 24. Re1 Qd7 25. Qc2 Qc6 26. Kf2 Qa6 27. Qc3
Qe6 28. g4 f5 29. g5 f4 30. d4 cxd4 31. Qxd4 Rxg5 32. Qxf4 Rf5 33. Qg4 Rxf3+
34. Kxf3 Rf8+ 35. Ke2 Qe5 36. Qd4 Qh2+ 37. Kd3 Qa2 38. Qd5+ Kh7 39. Re2 Qxa3+
40. Ke4 Qe7+ 41. Qe5 Qf7 42. Kd3 Rd8+ 43. Kc3 Qf1 44. Qe4 Qxe2 45. Qh4+ Qh5 46.
Qxd8 Qxh3 47. Qd4 b6 48. Kb4 Qe6 49. e4 g5 50. e5 Kg6 51. Qe4+ Kf7 52. Qb7+
Qe7+ 53. Qxe7+ Kxe7 54. Kc3 Ke6 55. Kd4 a5 0-1

[Event "Valasska Bystrice Open"]
[Site "?"]
[Date "2011.09.10"]
[Round "1.28"]
[White "Pys, Zbynek"]
[Black "Klima, Martin"]
[Result "1-0"]
[WhiteElo "1987"]
[BlackElo "1655"]
[PlyCount "41"]
[EventDate "2011.09.10"]

1. Nf3 Nf6 2. d4 d5 3. e3 e6 4. Nbd2 a6 5. Be2 Be7 6. O-O O-O 7. c4 dxc4 8.
Nxc4 b5 9. Nce5 Bb7 10. b3 Nbd7 11. Bb2 Nb6 12. Rc1 Qd6 13. Nd2 Rac8 14. Bf3
Nbd5 15. Nd3 Qb6 16. a3 a5 17. e4 Rfd8 18. exd5 Bxd5 19. Nc5 c6 20. Qe2 Nd7 21.
Bxd5 1-0

[Event "Valasska Bystrice Open"]
[Site "?"]
[Date "2011.09.10"]
[Round "1.29"]
[White "Kamarad, Frantisek"]
[Black "Olsar, Zdenek"]
[Result "0-1"]
[WhiteElo "1577"]
[BlackElo "1985"]
[PlyCount "62"]
[EventDate "2011.09.10"]

1. e4 c5 2. Nf3 e6 3. d4 cxd4 4. Nxd4 Nc6 5. Nc3 Qc7 6. Ndb5 Qb8 7. Be3 Nf6 8.
Bc4 a6 9. Nd4 Bb4 10. f3 d5 11. Bd3 e5 12. Nxc6 bxc6 13. exd5 cxd5 14. Bd2 Bc5
15. Bg5 Be6 16. Qc1 Nd7 17. Na4 Qb4+ 18. Nc3 h6 19. Bd2 Qd4 20. Bf1 Qf2+ 21.
Kd1 e4 22. Be1 Qd4+ 23. Qd2 Qe5 24. Bg3 Qh5 25. Be2 e3 26. Qd3 Nf6 27. Nb5 axb5
28. Qxb5+ Nd7 29. Qc6 O-O 30. f4 Qg6 31. Bd3 Bg4+ 0-1